00563nam a22001817a 4500003000500000005001700005008004100022020001800063050002500081100002200106245006300128260003000191300005600221500003300277650002500310650002300335650002300358SISC20170601140903.0170601b xxu||||| |||| 00| 0 eng d a9781259253379 aQD 251.2b.C273 2017 aCarey, Francis A. aOrganic chemistry /cFrancis A. Carey, Robert M. Giuliano. aNY :bMcGraw Hill,c2017. axxv, 1155 pages :bcolorful illustrations ;c25 cm. aIncludes glossary and index. aChemistry, Organic.  aChimie organique.  aOrganic chemistry.